<?xml version="1.0" encoding="UTF-8"?>
<record
    xmlns:xsi="http://www.w3.org/2001/XMLSchema-instance"
    xsi:schemaLocation="http://www.loc.gov/MARC21/slim http://www.loc.gov/standards/marcxml/schema/MARC21slim.xsd"
    xmlns="http://www.loc.gov/MARC21/slim">

  <leader>00645nam a22001577a 4500</leader>
  <controlfield tag="003">OSt</controlfield>
  <controlfield tag="005">20151002171414.0</controlfield>
  <controlfield tag="008">151002b        xxu||||| |||| 00| 0 eng d</controlfield>
  <datafield tag="040" ind1=" " ind2=" ">
    <subfield code="c">RUA </subfield>
  </datafield>
  <datafield tag="082" ind1=" " ind2=" ">
    <subfield code="a">AVM CHE 1995 B069 Or.1</subfield>
  </datafield>
  <datafield tag="100" ind1=" " ind2=" ">
    <subfield code="9">1817</subfield>
    <subfield code="a">CHEA BOROMMALYNY </subfield>
  </datafield>
  <datafield tag="245" ind1=" " ind2=" ">
    <subfield code="a">Parites and parasitic diseases in dog found in phonm penh city, (&#x1794;&#x17C9;&#x17B6;&#x179A;&#x17C9;&#x17B6;&#x179F;&#x17CA;&#x17B8;&#x178F; &#x1793;&#x17B7;&#x1784; &#x1787;&#x17C6;&#x1784;&#x17BA;&#x1794;&#x1784;&#x17D2;&#x1780;&#x17A1;&#x17BE;&#x1784;&#x178A;&#x17C4;&#x1799;&#x1794;&#x17C9;&#x17B6;&#x179A;&#x17C9;&#x17B6;&#x179F;&#x17CA;&#x17B8;&#x178F;&#x1785;&#x17C6;&#x1796;&#x17C4;&#x17C7;&#x1786;&#x17D2;&#x1780;&#x17C2;&#x1787;&#x17BD;&#x1794;&#x1794;&#x17D2;&#x179A;&#x1791;&#x17C7;&#x1793;&#x17C5;&#x179A;&#x17B6;&#x1787;&#x1792;&#x17B6;&#x1793;&#x17B8;&#x1797;&#x17D2;&#x1793;&#x17C6;&#x1796;&#x17C1;&#x1789;)</subfield>
  </datafield>
  <datafield tag="260" ind1=" " ind2=" ">
    <subfield code="a">phnom penh </subfield>
    <subfield code="b">RUA </subfield>
    <subfield code="c">1995</subfield>
  </datafield>
  <datafield tag="300" ind1=" " ind2=" ">
    <subfield code="a">40p.</subfield>
    <subfield code="b">ill.</subfield>
    <subfield code="c">29cm.</subfield>
  </datafield>
  <datafield tag="942" ind1=" " ind2=" ">
    <subfield code="2">ddc</subfield>
    <subfield code="c">AVM</subfield>
  </datafield>
  <datafield tag="999" ind1=" " ind2=" ">
    <subfield code="c">1717</subfield>
    <subfield code="d">1717</subfield>
  </datafield>
  <datafield tag="952" ind1=" " ind2=" ">
    <subfield code="0">0</subfield>
    <subfield code="1">0</subfield>
    <subfield code="2">ddc</subfield>
    <subfield code="4">0</subfield>
    <subfield code="6">AVM_CHE_1995_000000000000000_B069_OR_1</subfield>
    <subfield code="7">0</subfield>
    <subfield code="9">7419</subfield>
    <subfield code="a">LBB</subfield>
    <subfield code="b">LBB</subfield>
    <subfield code="c">B069</subfield>
    <subfield code="d">2015-10-02</subfield>
    <subfield code="o">AVM CHE 1995 B069 Or.1</subfield>
    <subfield code="p">RUA007230</subfield>
    <subfield code="r">2015-10-02</subfield>
    <subfield code="w">2015-10-02</subfield>
    <subfield code="y">AVM</subfield>
  </datafield>
</record>
